000 01167nam2a22002651 4500
001 RU\NLR\INFOCOMM4\1000555568
005 20040422180846.0
035 _a(NLR Aleph) 002525154
090 _a2799042
_c2799042
100 _a20040422d1987 |||y0rusy50 ba
101 0 _arus
102 _aRU
105 _ay |||||||||
200 1 _aМедицинские последствия хронического употребления алкоголя
_fЛ. Д. Мирошниченко, И. Г. Ураков
210 _d1987
461 0 _1001RU\NLR\INFOCOMM4\1000555534
_12001#$aМедицина и здравоохранение$iСерия "Обзоры по важнейшим проблемам медицины"$v1987, Вып.3
_92798754
_cМ.
_d1978-
_iСерия "Обзоры по важнейшим проблемам медицины"
_tМедицина и здравоохранение
_v1987, Вып.3
700 1 _aМирошниченко
_bЛ. Д.
_4070
701 1 _aУраков
_bИ. Г.
_4070
801 0 _aRU
_bNLR
_gPSBO
801 1 _aRU
_bInfoComm
_c20040422
852 _aNLR
_jП16/1496
942 _cISSUE
980 _aNB
980 _aRUSPER